Click the Country - Etymologies #2 - Statistics

General Stats
  • This quiz has been taken 144 times
  • The average score is 18 of 25
Answer Stats
Hint Answer % Correct
Named after Simón Bolívar Bolivia
98%
Combines Tanganyika and Zanzibar Tanzania
93%
Perfectly describes the cold climate. Iceland
91%
Only country named after a lady. Saint Lucia
89%
Describes its position in the
middle of the continent
Central African Republic
86%
A derivation of Marrakesh,
the former capital
Morocco
86%
Named after Christopher Columbus Colombia
84%
A portmanteau of Punjab, Afghania,
Kashmir, Sindh, and Baluchistan
Pakistan
81%
Named after King Philip II of Spain Philippines
80%
Named for a river that drains
into the Dead Sea
Jordan
79%
Named after a rich Biblical king Solomon Islands
75%
Named after the second highest
mountain in Africa
Kenya
73%
Named after a province in the Netherlands New Zealand
72%
Based on Marco Polo's rendering
of "Sun Origin"
Japan
70%
Named after Maurice of Nassau,
leader of the Netherlands
Mauritius
70%
Named after an Italian explorer with last name Vespucci. United States of America
70%
Julius Caesar used it to refer to all
tribes east of the Rhine.
Germany
69%
Combination of the country's peninsula
and its ruling royal family
Saudi Arabia
65%
Named after the Biblical figure Jacob Israel
64%
An adaptation of its former name:
"The Gilbert Islands"
Kiribati
59%
Some erroneously think the country was named after a bird, confused with a Guineafowl, imported from the country to the New World. Turkey
58%
Named for a Viking tribe that settled
along the Black Sea
Russia
51%
Incorrectly called "Land of the Moors" Mauritania
46%
The native people are to thank for this Southeast Asian country's name. Malaysia
44%
Given the name by the French, who named it after the predominant ethnic group. Laos
35%
No matching quizzes found
Score Distribution
Percent of People with Each Score
Percentile by Number Answered
Your Score History
You have not taken this quiz